000 00594nam a22001937a 4500
008 090120t xxu||||| |||| 00| 0 eng d
010 _aG-001303
020 _c£17.00 (Rs. 1346.40)
_a97819044994367
035 _aG-001303
037 _bGift
040 _adpl
_bEnglish
082 _a031.02
245 _aGuinness world records 2009 /
_cedited by Craig Glenday
260 _bGuinness World Records
_c2009
300 _a287p
_c29cm.(Hb)
700 _aGlenday, Craig
_950217
942 _2ddc
_cRF
_mGUI
_h031.02
999 _c68434
_d68434